| 000 | 00415nam a2200157 a 4500 | ||
|---|---|---|---|
| 001 | 2147 | ||
| 003 | CDMR | ||
| 005 | 20130621093653.0 | ||
| 008 | 130130s ||||||||||||||||||||||||||||d | ||
| 040 |
_aCDMR _bcat _cCPC LLEIDA |
||
| 100 | 1 |
_aSacs, Joan _91600 |
|
| 245 | 1 | 3 |
_aLa nostra gent _b: Xavier Nogués _cper Joan Sacs |
| 260 |
_aBarcelona _bLlibreria Catalonia _c[s.d.] |
||
| 490 | 0 | _aQuaderns Blaus | |
| 942 |
_cMON _2udc |
||
| 999 |
_c2147 _d2147 |
||